Cartes de The Legend Of Zelda - Statistiques

Statistiques générales
  • Ce quiz a été pris 55 fois
  • Le résultat moyen est 11 sur 16
Statistiques - réponses
Par images Hint Réponse % Correct
Breath Of The Wild/Tears of the Kingdom
96%
The Wind Waker
87%
The Legend Of Zelda
83%
Twilight Princess
76%
Ocarina of Time
74%
Skyward Sword
72%
A Link To The Past
70%
The Minish Cap
67%
Phantom Hourglass
65%
Link's Awakening
59%
Oracle of Ages
54%
Spirit Tracks
54%
The Adventure of Link
52%
Oracle of Seasons
50%
Echoes of Wisdom
48%
Majora's Mask
43%
Aucun quiz correspondant
Distribution des résultats
% des personnes avec chaque résultat
Percentile par nombre de réponses
Votre historique - résultats
Vous n’avez pas pris ce quiz